Normal view
MARC view
Entry Término temático
001 - NÚMERO DE CONTROL
- campo de control: 21857
003 - IDENTIFICADOR DEL NÚMERO DE CONTROL
- campo de control: FranzMayer
005 - FECHA Y HORA DE LA ÚLTIMA TRANSACCIÓN
- campo de control: 20190320210414.0
008 - DATOS DE LONGITUD FIJA
- campo de control de longitud fija: 190320|| aca||aabn | a|a d
040 ## - FUENTE DE LA CATALOGACIÓN
- Centro catalogador/agencia de origen: FranzMayer
- Centro/agencia transcriptor: FranzMayer
150 ## - ENCABEZAMIENTO--TÉRMINO DE MATERIA
- Término de materia o nombre geográfico como elemento de entrada: Sermones franceses
- Subdivisión general: Traducciones al español
- Subdivisión cronológica: Obras anteriores a 1800
670 ## - FUENTE DE DATOS ENCONTRADOS
- Cita de la fuente: Work cat.: (FranzMayer): Flechier, Espiritu 1632 - 1710 21855, Colección de oraciones fúnebres, pronunciadas por el Ilmo. Señor Espiritu Flecher, Obispo de Nimes, con un compendio de la vida del autor, 1775